| 000 | 00689nam a2200193 a 4500 | ||
|---|---|---|---|
| 005 | 20210219160300.0 | ||
| 008 | 081006s2000 mx r 000 0 spa d | ||
| 035 | _aUPN01000162321 | ||
| 049 | _aUNE | ||
| 080 | _a372.3 (560)=20 =40 KAG No.193. | ||
| 100 | 1 | _aKagitcibasi, Cigdem | |
| 245 | 1 | 4 | _aThe Early enrichment project in Turkey = Le Projet de renforcement précoce des potentialités de l'enfant en Turquie/ by Cigdem Kagitcibasi. |
| 260 | _aParis : UNESCO; New York : UNICEF; Rome : WFP, 1991. | ||
| 300 | _a50 p. | ||
| 440 | 0 | _aNotes, comments...; 193 | |
| 690 | _aNiños de edad preescolar- Turquia | ||
| 690 | _aPrimera infancia- Educacion- Turquia | ||
| 905 | _aUNESCO | ||
| 999 |
_c134434 _d134434 |
||